000 00761nam a2200277 a 4500
001 000110495
003 CHAP
005 20220329144136.0
008 140904s2010 mx a |r| |||||||spa d
010 _a106957
011 _a107929
020 _a9686079017002
040 _cCHAP
090 _aFolleto 18476
100 1 _aRamos Díaz, Martín
_9128279
245 1 3 _aEl jaguar azul /
_cpor Martín Ramos Díaz.
260 _aYucatan, Méx. :
_bInstituto de Cultura de Yucatán,
_c2010.
300 _a49 p. :
_bil.
590 _aE11695DGD
_b10
_c20140908
_lUCH01
_h1114
590 _aE5652GLJ
_b05
_c20140904
_lUCH01
_h0941
650 1 4 _aLiteratura mexicana.
_967138
650 1 4 _aPoesía mexicana.
_990146
901 _aBK
942 _cFOLL
942 _n0
999 _c106957
_d106957